The ten faces of innovation (Registro nro. 301673)

Detalles MARC
000 -ENCABEZADO
Número de control [NR] 01673cam a2200277 a 4500
005 - FECHA Y HORA DE LA ÚLTIMA TRANSACCIÓN
control field 20151030144239.0
008 - DE LONGITUD FIJA DE DATOS DE ELEMENTOS - INFORMACIÓN GENERAL
Elementos de longitud fija [NR] 151030s xxuao fr 001 0 eng d
020 ## - NUMERO INTERNACIONAL NORMALIZADO PARA LIBROS [R]
Número Internacional Normalizado del libro [NR] 0385512074
020 ## - NUMERO INTERNACIONAL NORMALIZADO PARA LIBROS [R]
Número Internacional Normalizado del libro [NR] 9780385512077
040 ## - FUENTE DE CATALOGACION [NR]
Agencia de catalogación original [NR] CO-BoUMC
Quien Cataloga Saul Niño
Quien Clasifica Saul Niño
041 0# - CODIGO DE IDIOMA [R]
Código de idioma para texto/pista de sonido o título separado [R] Inglés
100 1# - ASIENTO PRINCIPAL--NOMBRE PERSONAL [NR]
Nombre personal [NR] Kelley, Tom
Fechas asociadas con el nombre [NR] 1955-
ID Autoridad 73018
245 14 - MENCION DE TITULO [NR]
Título [NR] The ten faces of innovation
Parte restante del título [NR] IDEO's strategies for beating the devil's advocate & driving creativity throughout your organization
Mención de responsabilidad, etc. [NR] Tom Kelly with Jonathan Littman
260 ## - PUBLICACION, DISTRIBUCION, ETC. (PIE DE IMPRENTA) [R]
Lugar de publicación, distribución, etc. [R] New York (Estados Unidos)
Nombre del editor, distribuidor, etc. [R] Currency Doubleday
Fecha de publicación, distribución, etc. [R] 2005
300 ## - DESCRIPCION FISICA [R]
Extensión [R] xi, 273 páginas
Otros detalles físicos [NR] ilustraciones, fotos
500 ## - NOTA GENERAL [R]
Nota general [NR] Incluye índice.
520 ## - NOTA DE RESUMEN, ETC. [R]
Nota de sumario, etc. [NR] Reveals the strategies a major design firm uses to foster innovative thinking throughout an organization and overcome the naysayers who stifle creativity. The role of the devil's advocate allows individuals to raise questions and concerns that effectively kill new projects and ideas, while claiming no personal responsibility; nothing is more potent in stifling innovation. Drawing on nearly 20 years of experience, Kelley identifies ten roles people can play in an organization to foster innovation and new ideas while offering an effective counter to naysayers.--From publisher description.
650 7# - ASIENTO SECUNDARIO DE MATERIA - TERMINO TEMATICO [R]
Término temático o nombre geográfico como elemento de entrada [NR] Efectividad organizacional
9 (RLIN) 13904
650 #7 - ASIENTO SECUNDARIO DE MATERIA - TERMINO TEMATICO [R]
Término temático o nombre geográfico como elemento de entrada [NR] Innovaciones tecnológicas
Subdivisión general [R] Aspectos sociales
9 (RLIN) 36272
650 #7 - ASIENTO SECUNDARIO DE MATERIA - TERMINO TEMATICO [R]
Término temático o nombre geográfico como elemento de entrada [NR] Efectividad en las organizaciones
9 (RLIN) 13901
650 #7 - ASIENTO SECUNDARIO DE MATERIA - TERMINO TEMATICO [R]
Término temático o nombre geográfico como elemento de entrada [NR] Productos nuevos
9 (RLIN) 22462
690 ## - ASUNTO AGREGADO LOCAL DE ENTRADA - TÉRMINO TEMÁTICO (OCLC, RLIN)
9 (RLIN) 42736
Acceso temático local Administración de empresas
700 1# - ASIENTO SECUNDARIO - NOMBRE PERSONAL [R]
Nombre personal [NR] Littman, Jonathan
Fechas asociadas con el nombre [NR] 1958-
9 (RLIN) 73019
942 ## - ELEMENTOS DE ENTRADA AGREGADOS (KOHA)
Sistema de clasificación DEWEY
Tema principal Administración
Tipo de ítem principal el descrito en 300a Libro
Edición 1
Clasificación 658.401
Parte restante de la signatura top. K293te
Existencias
Signatura topográfica Código de barras Última vez visto Ejemplar Costo de reposición Price effective from Tipo de ítem Perdido Sistema de clasificación Dañado No prestable Tipo de ítem específico Suprimido Ubicación habitual Ubicación actual Localización Fecha de creación Proveedor Forma de adquisición Costo
658.401 K293te 100147961 11/09/2025 Ej.1 68192.00 16/10/2015 Libro   DEWEY     Libro   Bodega Bodega 5to piso 16/10/2015 15 Compra 68192.00